000 00249 a2200085 4500
020 _a9789384204242
100 _aCouncil of Architecture
245 _aCultural resource mapping: A tool for strenghening the future
260 _bCouncil of Architecture
_c2023
999 _c12653
_d12653